Angstsyndrome: Diagnostik und Therapie ; mit 6 Tabellen
Komprimierte Darstellung der klinisch wichtigsten Angst Angstsyndrome (einschließlich der Angstsyndrome bei körperlichen Grunderkrankungen), Pathogenese, Untersuchungsmethoden, pharmakologische und psychotherapeutische Behandlungsverfahren und Literaturhinweise Berücksichtigung und Kodierung von ICD...
| Authors: | ; ; |
|---|---|
| Contributors: | |
| Format: | Print Book |
| Language: | German |
| Published: |
Berlin Heidelberg [u.a.]
Springer
1999
|
| In: | Year: 1999 |
| Online Access: |
Cover Table of Contents |
| Check availability: | HBZ Gateway |
| Subito Delivery Service: | Order now. |
| Keywords: |
MARC
| LEADER | 00000cam a2200000 c 4500 | ||
|---|---|---|---|
| 001 | 254045464 | ||
| 003 | DE-627 | ||
| 005 | 20251222144932.0 | ||
| 007 | tu | ||
| 008 | 990201s1999 gw ||||| 00| ||ger c | ||
| 015 | |a 99,N04,0133 |2 dnb | ||
| 015 | |a 99,A17,0183 |2 dnb | ||
| 016 | 7 | |a 955465974 |2 DE-101 | |
| 020 | |a 3540639772 |c : DM 59.00 (kart.) |9 3-540-63977-2 | ||
| 024 | 3 | |a 9783540639770 | |
| 035 | |a (DE-627)254045464 | ||
| 035 | |a (DE-576)067218911 | ||
| 035 | |a (DE-599)GBV254045464 | ||
| 035 | |a (OCoLC)845178826 | ||
| 035 | |a (OCoLC)313100166 | ||
| 035 | |a (DE-604)8121602370 | ||
| 040 | |a DE-627 |b ger |c DE-627 |e rakwb | ||
| 041 | |a ger | ||
| 044 | |c XA-DE |c XD-US |c XA-ES | ||
| 060 | 0 | |a WM 172 | |
| 084 | |a 11 |a 33 |2 sdnb | ||
| 084 | |a 5,2 |2 ssgn | ||
| 084 | |a YH 6803 |2 rvk |0 (DE-625)rvk/153569:12909 | ||
| 084 | |a CP 3700 |2 rvk |0 (DE-625)rvk/18981: | ||
| 084 | |a YH 6900 |2 rvk |0 (DE-625)rvk/153570:12905 | ||
| 084 | |a CU 4000 |2 rvk |0 (DE-625)rvk/19113: | ||
| 084 | |a CU 3100 |2 rvk |0 (DE-625)rvk/19106: | ||
| 084 | |a 44.91 |2 bkl | ||
| 090 | |a a | ||
| 100 | 1 | |a Hippius, Hanns |d 1925-2021 |0 (DE-588)106559532 |0 (DE-627)510149545 |0 (DE-576)161433928 |4 aut | |
| 109 | |a Hippius, Hanns 1925-2021 |a Hippius, H. 1925-2021 |a Hippius, Hans 1925-2021 | ||
| 245 | 1 | 0 | |a Angstsyndrome |b Diagnostik und Therapie ; mit 6 Tabellen |c H. Hippius; H. E. Klein; F. Strian |
| 264 | 1 | |a Berlin |a Heidelberg [u.a.] |b Springer |c 1999 | |
| 300 | |a XI, 206 S. |b Ill., graph. Darst. |c 19 cm | ||
| 336 | |a Text |b txt |2 rdacontent | ||
| 337 | |a ohne Hilfsmittel zu benutzen |b n |2 rdamedia | ||
| 338 | |a Band |b nc |2 rdacarrier | ||
| 500 | |a Literaturangaben | ||
| 520 | |a Komprimierte Darstellung der klinisch wichtigsten Angst Angstsyndrome (einschließlich der Angstsyndrome bei körperlichen Grunderkrankungen), Pathogenese, Untersuchungsmethoden, pharmakologische und psychotherapeutische Behandlungsverfahren und Literaturhinweise Berücksichtigung und Kodierung von ICD-10 und DSM-IV Praxisbezogene Darstellung Textgliederung nach diagnostischen Flußdiagrammen zum raschen Auffinden von Syndromen und zugeordneten Therapien | ||
| 583 | 1 | |a Archivierung/Langzeitarchivierung gewährleistet |f PEBW |x XA-DE-BW |2 pdager |5 DE-31 | |
| 650 | 2 | |a Anxiety Disorders | |
| 689 | 0 | 0 | |d s |0 (DE-588)4275338-7 |0 (DE-627)10444049X |0 (DE-576)210714204 |a Angstsyndrom |2 gnd |
| 689 | 0 | |5 DE-101 | |
| 700 | 1 | |a Klein, Helmfried E. |d 1945- |0 (DE-588)121274845 |0 (DE-627)081197535 |0 (DE-576)164490531 |4 aut | |
| 700 | 1 | |a Strian, Friedrich |0 (DE-588)172389119 |0 (DE-627)697331164 |0 (DE-576)133252981 |4 aut | |
| 700 | 1 | |8 1\p |a Klein, Helmfried E. |d 1945- |0 (DE-588)121274845 |0 (DE-627)081197535 |0 (DE-576)164490531 |4 oth | |
| 700 | 1 | |a Strian, F. |4 oth | |
| 856 | 4 | 2 | |u https://swbplus.bsz-bw.de/bsz067218911cov.jpg |m V:DE-576 |v 2005-11-08 |3 Cover |7 1 |
| 856 | 4 | 2 | |u https://swbplus.bsz-bw.de/bsz067218911inh.htm |m V:DE-576 |v 2005-06-08 |3 Inhaltsverzeichnis |7 1 |
| 883 | |8 1\p |a cgwrk |d 20241001 |q DE-101 |u https://d-nb.info/provenance/plan#cgwrk | ||
| 935 | |i sf | ||
| 935 | |i Blocktest | ||
| 936 | r | v | |a YH 6803 |b Kompendien, Repetitorien, Leitfäden, Kurzdarstellungen, programmierter Unterricht |k Medizin |k Psychiatrie, Medizinische Psychologie |k Spezielle Psychiatrie |k Neurosen |k Wahn: Paranoide Reaktion, Querulantenwahn, Verfolgungswahn, sensitiver Beziehungswahn, Halluzination |k A. Formalschlüssel |k Kompendien, Repetitorien, Leitfäden, Kurzdarstellungen, programmierter Unterricht |0 (DE-627)1271490099 |0 (DE-625)rvk/153569:12909 |0 (DE-576)201490099 |
| 936 | r | v | |a CP 3700 |b Angst |k Psychologie |k Allgemeine Psychologie |k Konflikt, Angst, Aggression, Frustration, Stress |k Angst |0 (DE-627)1271569310 |0 (DE-625)rvk/18981: |0 (DE-576)201569310 |
| 936 | r | v | |a YH 6900 |b Allgemeines |k Medizin |k Psychiatrie, Medizinische Psychologie |k Spezielle Psychiatrie |k Neurosen |k Krankhafte Reaktionen affektiver Art: |k Allgemeines |0 (DE-627)1271490102 |0 (DE-625)rvk/153570:12905 |0 (DE-576)201490102 |
| 936 | r | v | |a CU 4000 |b Spezielle Verhaltensstörungen und Symptome |k Psychologie |k Klinische Psychologie |k Psychische Störungen |k Spezielle Verhaltensstörungen und Symptome |0 (DE-627)1270710176 |0 (DE-625)rvk/19113: |0 (DE-576)200710176 |
| 936 | r | v | |a CU 3100 |b Angststörungen (Panik, Phobien, generalisierte Angst), Zwänge |k Psychologie |k Klinische Psychologie |k Psychische Störungen |k Angststörungen (Panik, Phobien, generalisierte Angst), Zwänge |0 (DE-627)1271070928 |0 (DE-625)rvk/19106: |0 (DE-576)201070928 |
| 936 | b | k | |a 44.91 |j Psychiatrie |j Psychopathologie |0 (DE-627)106409972 |
| 951 | |a BO | ||
| ELC | |b 1 | ||
| LOK | |0 000 xxxxxcx a22 zn 4500 | ||
| LOK | |0 001 3259108785 | ||
| LOK | |0 003 DE-627 | ||
| LOK | |0 004 254045464 | ||
| LOK | |0 005 20151116135721 | ||
| LOK | |0 008 150728||||||||||||||||ger||||||| | ||
| LOK | |0 035 |a (DE-21-110)kd60380 | ||
| LOK | |0 040 |a DE-21-110 |c DE-627 |d DE-21-110 | ||
| LOK | |0 689 |a s |a Angstphänomene | ||
| LOK | |0 852 |z Kein Bestand am IfK; Nachweis für KrimDok | ||
| LOK | |0 852 |a DE-21-110 | ||
| LOK | |0 852 1 |9 00 | ||
| LOK | |0 935 |a k110 | ||
| LOK | |0 939 |a 28-07-15 |b l01 | ||
| ORI | |a SA-MARC-krimdoka001.raw | ||
